Phương pháp toán trong địa lí

Cơ sở lí thuyết toán học thống kê và khả năng ứng dụng phương pháp toán học trong nghiên cứu địa lí

שמור ב:
מידע ביבליוגרפי
מחבר ראשי: Nguyễn Kim Chương
פורמט: ספר
שפה:Vietnamese
יצא לאור: H. Đại học Sư phạm 2004
נושאים:
תגים: הוספת תג
אין תגיות, היה/י הראשונ/ה לתייג את הרשומה!
Thư viện lưu trữ: Mạng thư viện Đại học Đà Nẵng
LEADER 01398aam a22003858a 4500
001 000008826
003 5019
005 20120508140542.0
008 111021s2004 viesd
020 |c 20000đ  |d 1000b 
041 |a vie 
082 |a 910.15195  |b NG-C 
084 |a C172z73  |b PH561P 
084 |a Đ8.z73 
100 0 |a Nguyễn Kim Chương 
245 |a Phương pháp toán trong địa lí  |c Nguyễn Kim Chương 
260 |a H.  |b Đại học Sư phạm  |c 2004 
300 |a 199tr.  |b hình vẽ  |c 21cm 
504 |a Thư mục: tr. 198 
520 |a Cơ sở lí thuyết toán học thống kê và khả năng ứng dụng phương pháp toán học trong nghiên cứu địa lí 
650 7 |2 Bộ TK TVQG  |a Toán thống kê 
650 7 |2 Bộ TK TVQG  |a Ứng dụng 
650 7 |2 Bộ TK TVQG  |a Địa lí 
655 7 |2 Bộ TK TVQG  |a Tài liệu tham khảo 
910 |a Nguyễn Thị Kim Oanh  |d 21/10/2011 
OWN |a LSP 
AVA |a UDN50  |b LSP  |d 910.15195 NG-C  |e check_holdings  |t Error 5003 Not defined in file expand_doc_bib_avail.  |h N  |k 1 
999 |a From the UDN01 
AVA |a UDN50  |b LSP  |d 910.15195 NG-C  |e available  |t Error 5001 Not defined in file expand_doc_bib_avail.  |f 15  |g 0  |h N  |i 0  |k 1 
TYP |a Monograph 
TYP |a Printed language 
980 |a Mạng thư viện Đại học Đà Nẵng